Responses for Show #9188 - Wednesday, October 23, 2024

Will Wallace game 2.

Contestants

[<< previous game]

Brett Kelly, an actor from Surrey, British Columbia, Canada

Sophia Maymudes, a software engineer from Seattle, Washington

Will Wallace, a game design director from Austin, Texas (whose 1-day cash winnings total $18,799)

[next game >>]

Jeopardy! Round responses

SOME CLIFFS, SANDS OR BUTTES
A QUARTER FOR YOUR THOUGHTS
(Ken: Thanks to inflation.)
HELLO & GOODBYE
3 WORDS & A COMMA OR 2
LITERARY TITLES EN ESPAÑOL
BE WITCHED
    $200 29
(Ken: White Cliffs of [*], yes.)

Dover

Brett
    $200 13
(Ken: Of New Orleans, yes.)

the French Quarter

Will
    $200 5
Adele

Sophia
    $200 30
stop, drop & roll

Sophia
    $200 17
The Name of the Rose

Sophia
    $200 22
the Wicked Witch of the West

Sophia
    $400 28
Ipanema

Sophia
    $400 27
quartermasters

Will
    $400 6
Monroe

Will
    $400 23
wine, women & song

Triple Stumper
    $400 16
(Ken: Steinbeck's [*].)

The Red Pony

Triple Stumper
    $400 18
a pentagram

Sophia
    $600 12
Indonesia

Sophia
    $600 14
cares

Sophia
    $600 9
(Brett: What is The Princess Bride?)

prepare to die

SophiaBrett
    $600 4
reduce, reuse, recycle

Sophia
    $600 1
(Ken: Shakespeare would have said, [*].)

The Comedy of Errors

Triple Stumper
    $600 19
a cauldron

Sophia
    $2,000 24
(Sophia: Who is Miner 49er?)
(Ken: No, it was a 49er-related person--[*] of [*]'s Mill fame.)

(John) Sutter

Sophia
    $800 15
phases

Sophia
    $800 10
Cleveland

Will
    $800 7
friends, Romans, countrymen

Will
    $800 2
The Sound and the Fury

Will
    $800 20
(Brett: What is a séance?)

a coven

SophiaBrett
    $1000 25
Arizona

Will
    $1000 26
Lot

Sophia
    $1000 11
Kiss Him Goodbye

Triple Stumper
    $1000 8
Duty, honor, country

Triple Stumper
    $1000 3
A Thousand Splendid Suns

Triple Stumper
    $1000 21
a familiar

Sophia

Scores at the first commercial break (after clue 15):

Will Sophia Brett
$3,000 $3,400 -$600

Scores at the end of the Jeopardy! Round:

Will Sophia Brett
$4,400 $6,200 -$1,200

Double Jeopardy! Round responses

QUOTH THE PRESIDENT
BROADWAY LEADING LADIES
EPONYMOUSLY YOURS
THE TROJAN WAR
OUR 4-LEGGED FRIENDS
AN "ODE" TO A CATEGORY
    $400 27
(Ken: He was dedicating the Statue of [*].)

liberty

Triple Stumper
    $400 7
(Brett: What is Wicked?)

Cats

SophiaBrett
    $400 26
(Ken: Correct, with less than a minute.)

Ponzi

Brett
    $400 28
the Trojan Horse

Will
    $400 25
frogs

Brett
    $400 10
a nickelodeon

Will
    $800 21
Wilson

Will
    $800 6
Dreamgirls

Brett
    $800 16
Grant's Tomb

Triple Stumper
    $800 12
(Sophia: What are sea monsters?)

sea serpents

Sophia
Triple Stumper
    $800 24
the European squirrel

Triple Stumper
    $800 1
(Sophia: What is mixed mode?)

yodeling

Sophia
Triple Stumper
    $1200 18
charity

Triple Stumper
    $1200 3
Gypsy

Sophia
    $1200 11
Tyler Perry

Sophia
    $2,000 23
(Sophia: Who is... Titus Andronicus?)

Troilus & Cressida

Sophia
    $2,600 13
(Sophia: What is a bull?)

a chameleon

Sophia
    $1200 2
a codex

Triple Stumper
    $1600 19
(Sophia: Who is Muir?)

Teddy Roosevelt

WillSophia
    $1600 4
(Audra) McDonald

Sophia
    $1600 17
Ohm

Will
    $1600 29
(Will: Who is Achilles?)

Hector

Will
Triple Stumper
    $1600 14
water buffalo

Will
    $1600 8
a lodestone

Will
    $2000 20
(Sophia: Who is Eisenhower?)
...
(Ken: Truman feuding with [*].)

MacArthur

Sophia
Triple Stumper
    $2000 5
(Ken: And they both played Anita in West Side Story, [*].)

Chita Rivera & Rita Moreno

Triple Stumper
    $2000 22
a sea cow

Sophia
    $2000 30
Eris

Sophia
    $2000 15
(Sophia: What is a naked mole rat?)

a vole

Sophia
Triple Stumper
    $2000 9
the Echinoderms

Triple Stumper

Scores at the end of the Double Jeopardy! Round:

Will Sophia Brett
$10,800 $2,800 $0
(lock game)

[wagering suggestions for these scores]

Final Jeopardy! Round responses

THE ROMAN CATHOLIC CHURCH
(Ken: [To Will] No, the Holy Spirit visited the Apostles on [*]; so that's kind of day one of the Church, [*].)
SophiaWhat is Palm Sunday?
$206
WillWhat is All Saints Day?
$800
Pentecost

Final scores:

Will Sophia Brett
$10,000 $2,594 $0
2-day champion: $28,799 2nd place: $3,000 3rd place: $2,000

Game dynamics:

Coryat scores:

Will Sophia Brett
$10,800 $9,400 $0
14 R,
1 W
21 R,
8 W
(including 3 DDs)
4 R,
3 W

Combined Coryat: $20,200

[game clues] [game scores] [suggest correction]

Game tape date: 2024-09-17
The J! Archive is created by fans, for fans. Scraping, republication, monetization, and malicious use prohibited; this site may use cookies and collect identifying information. See terms. The Jeopardy! game show and all elements thereof, including but not limited to copyright and trademark thereto, are the property of Jeopardy Productions, Inc. and are protected under law. This website is not affiliated with, sponsored by, or operated by Jeopardy Productions, Inc. Join the discussion at JBoard.tv.